[Event "Olympiad-36"]
[Site "Mallorca"]
[Date "2004.10.26"]
[Round "11"]
[White "Shiomi, Ryo"]
[Black "Abdul Adhim, Muneer"]
[Result "1-0"]
[WhiteElo "2072"]
[BlackElo "2202"]
[PlyCount "101"]
[EventDate "2004.10.15"]
[EventType "team-swiss"]
[EventRounds "14"]
[EventCountry "ESP"]
[SourceTitle "CBM 104"]
[Source "ChessBase"]
[SourceDate "2005.01.27"]
[SourceVersion "1"]
[SourceVersionDate "2005.01.27"]
[SourceQuality "1"]
[WhiteTeam "Japan"]
[BlackTeam "Iraq"]
[WhiteTeamCountry "JPN"]
[BlackTeamCountry "IRQ"]

1. e4 e6 2. d3 d5 3. Nd2 Nf6 4. Ngf3 c5 5. g3 Nc6 6. Bg2 Be7 7. 0-0 0-0 8. Re1 b6 9. e5 Nd7 10. Nf1 Ba6 11. h4 Rc8 12. N1h2 Qc7 13. Bf4 Rfd8 14. Ng5 h6 15. Nxf7 Kxf7 16. Bxd5 Nf8 17. Be4 Ke8 18. Qh5+ Kd7 19. Qf7 Re8 20. c3 Nd8 21. Qxg7 Bb7 22. Ng4 Nc6 23. Nf6+ Kd8 24. Nxe8 Kxe8 25. Bxh6 Nd8 26. Qg8 Bxe4 27. Rxe4 Nf7 28. Bg7 Rd8 29. Rf4 Nxe5 30. Bxf8 Kd7 31. Qg7 Re8 32. Bxe7 Rxe7 33. Qg8 Qc6 34. Qb8 Nf3+ 35. Rxf3 Qxf3 36. Qxa7+ Ke8 37. Qb8+ Kd7 38. Qxb6 Qd5 39. d4 c4 40. a4 Qf3 41. Qb5+ Kd8 42. Qb8+ Kd7 43. Qf4 Qe2 44. a5 Qxb2 45. Qc1 Qe2 46. a6 Rf7 47. Qe1 Qf3 48. a7 Rf8 49. Ra2 Ra8 50. Qe2 Qd5 51. Qe5 1-0

[Event "Olympiad-36"]
[Site "Mallorca"]
[Date "2004.10.19"]
[Round "5"]
[White "Valdes Romero, Leonardo"]
[Black "Abdul Adhim, Muneer"]
[Result "1/2-1/2"]
[WhiteElo "2372"]
[BlackElo "2202"]
[PlyCount "62"]
[EventDate "2004.10.15"]
[EventType "team-swiss"]
[EventRounds "14"]
[EventCountry "ESP"]
[SourceTitle "CBM 104"]
[Source "ChessBase"]
[SourceDate "2005.01.27"]
[SourceVersion "1"]
[SourceVersionDate "2005.01.27"]
[SourceQuality "1"]
[WhiteTeam "Costa Rica"]
[BlackTeam "Iraq"]
[WhiteTeamCountry "CRI"]
[BlackTeamCountry "IRQ"]

1. Nf3 d6 2. c4 g6 3. Nc3 Bg7 4. g3 e5 5. Bg2 Ne7 6. 0-0 0-0 7. d3 c6 8. Bd2 h6 9. b4 d5 10. cxd5 cxd5 11. Rc1 Be6 12. Na4 Nd7 13. Nc5 Nxc5 14. Rxc5 Rc8 15. Rxc8 Qxc8 16. Qa4 a6 17. Rc1 Qb8 18. b5 Rc8 19. Rb1 axb5 20. Qxb5 Rc7 21. h4 Qc8 22. Kh2 f5 23. Ne1 e4 24. Bf4 Rd7 25. Qa4 Nc6 26. f3 Qe8 27. Kg1 Qe7 28. Be3 Qd6 29. f4 d4 30. Bc1 Bd5 31. Rb5 Ne7 1/2-1/2